Analýza a návrh informačného systému vo vybranom vývojovom nástroji diplomová práca

Saved in:
Bibliographic Details
Main Author: Meško, Martin
Corporate Author: Fakulta hospodárskej informatiky EU. Katedra aplikovanej informatiky
Other Authors: Blahušiak, Martin
Format: Book
Language:Slovak
Published: Bratislava 2015
Tags: Add Tag
No Tags, Be the first to tag this record!

MARC

LEADER 00000nbm a2200000 4500
001 0203730
005 20161212115342.7
041 0 |a slo 
044 |a SK 
245 1 0 |a Analýza a návrh informačného systému vo vybranom vývojovom nástroji  |b diplomová práca  |c Martin Meško ; školiteľ: Martin Blahušiak 
264 1 |a Bratislava  |c 2015 
300 |a 75 s. 
100 1 |a Meško, Martin 
700 1 |a Blahušiak, Martin 
710 2 |a Fakulta hospodárskej informatiky EU. Katedra aplikovanej informatiky